Vista normal
Vista MARC
Entrada Topical Term
Número de registros utilizados en: 1
001 - CONTROL NUMBER
- control field: 36101
003 - CONTROL NUMBER IDENTIFIER
- control field: OSt
005 - DATE AND TIME OF LATEST TRANSACTION
- control field: 20210315122035.0
008 - FIXED-LENGTH DATA ELEMENTS
- fixed length control field: 210315|| aca||aabn | a|a d
040 ## - CATALOGING SOURCE
- Original cataloging agency: OSt
- Transcribing agency: OSt
150 ## - HEADING--TOPICAL TERM
- Topical term or geographic name entry element: Boyacá (Colombia)
- General subdivision: Descripción
- Form subdivision: Guías
670 ## - SOURCE DATA FOUND
- Source citation: Work cat.: (OSt): Colombia. Secretaria de Cultura y Turismo autor 36099, Boyacá : , [2010]